Telekom ügyfelek online vásárlási szokásai

Bibliográfiai részletek
Szerző: Babucs Nikolett
További közreműködők: Eszes Dr. István
Dokumentumtípus: Diplomadolgozat
Kulcsszavak:Online kereskedelem
Telekom
Vásárlási szokások
Online Access:http://dolgozattar.uni-bge.hu/15404

MARC

LEADER 00000nta a2200000 i 4500
001 dolg15404
005 20200619104024.0
008 180503suuuu hu om 000 hun d
040 |a BGE Dolgozattár Repozitórium  |b hun 
041 |a hu 
100 1 |a Babucs Nikolett 
245 1 0 |a Telekom ügyfelek online vásárlási szokásai  |c Babucs Nikolett  |h [elektronikus dokumentum] 
695 |a Online kereskedelem 
695 |a Telekom 
695 |a Vásárlási szokások 
700 1 |a Eszes Dr. István  |e ths 
856 4 0 |u http://dolgozattar.uni-bge.hu/15404/1/SZAKDOLGOZAT-1-1.pdf  |z Dokumentum-elérés 
856 4 0 |u http://dolgozattar.uni-bge.hu/15404/2/HivatalosBejegyzes.pdf  |z Dokumentum-elérés